Empirical model building
Αποθηκεύτηκε σε:
| Κύριος συγγραφέας: | |
|---|---|
| Μορφή: | Βιβλίο |
| Γλώσσα: | English |
| Δημοσίευση: |
New York ; Chichester :
John Wiley,
c1989
|
| Σειρά: | Wiley series in probability and mathematical statistics. Probability and mathematical statistics
|
| Θέματα: | |
| Ετικέτες: |
Προσθήκη ετικέτας
Δεν υπάρχουν, Καταχωρήστε ετικέτα πρώτοι!
|
MARC
| LEADER | 00000nam a2200000 i 4500 | ||
|---|---|---|---|
| 001 | 1/5290 | ||
| 008 | 000602s1989 eng d | ||
| 020 | |a 0-471-60105-5 | ||
| 035 | |l 10061531 | ||
| 040 | |a GR-MY-UA |b gre |e aacr | ||
| 041 | 0 | |a eng | |
| 082 | 0 | |a 519.5 | |
| 100 | 1 | |a Thompson, James R. |q (James Robert) |d 1938- | |
| 245 | 1 | 0 | |a Empirical model building / |c James R. Thompson |
| 260 | |a New York ; Chichester : |b John Wiley, |c c1989 | ||
| 300 | |a xi, 242 p.; |b ill.; |c 24 cm. | ||
| 490 | 1 | |a Wiley series in probability and mathematical statistics. Probability and mathematical statistics | |
| 504 | |a Bibliography | ||
| 650 | 0 | 0 | |a Experimental design. |
| 650 | 0 | 0 | |a Mathematical models. |
| 650 | 0 | 0 | |a Mathematical statistics. |
| 830 | 0 | |a Wiley series in probability and mathematical statistics. Probability and mathematical statistics | |
| 852 | |a INST |b SAMOS |e 20000602 |h 519.5 THO |p 005300017163 |q 005300017163 |t BK |y 0 | ||
| 901 | |a BIBL3-2000-2 | ||
| 909 | |a Σ |b 078777 | ||
| 922 | |a 3ΕΛΗ |b 200005 |c ΚΠΣ |d ΠΑΠΑΣΩΤΗΡΙΟΥ | ||
| 950 | |a 116-1999-12-31 | ||
| 970 | |a ΜΑΛΑΓΑΡΗ |b ΦΩΤΕΙΝΗ |z 2000/07/28 | ||